[Event "BL2-Nord 1314"]
[Site "Germany"]
[Date "2013.12.15"]
[Round "4.3"]
[White "Colpe, Malte"]
[Black "Lampe, Dirk"]
[Result "1/2-1/2"]
[WhiteElo "2335"]
[BlackElo "2237"]
[PlyCount "42"]
[EventDate "2013.10.13"]
[EventType "team-tourn"]
[EventRounds "9"]
[EventCountry "GER"]
[SourceTitle "EXT 2015"]
[Source "ChessBase"]
[SourceDate "2014.11.20"]
[SourceVersion "1"]
[SourceVersionDate "2014.11.20"]
[SourceQuality "1"]
[WhiteTeam "Hamburger SK II"]
[BlackTeam "Luebeck"]
[WhiteTeamCountry "GER"]
[BlackTeamCountry "GER"]

1. d4 Nf6 2. c4 g6 3. Nc3 Bg7 4. e4 d6 5. f4 0-0 6. Nf3 c5 7. d5 e6 8. Be2 exd5 9. cxd5 Bg4 10. 0-0 Nbd7 11. h3 Bxf3 12. Bxf3 Qa5 13. Be3 Rfe8 14. g4 Nb6 15. Qd3 Qb4 16. Bf2 Nfd7 17. Rab1 a6 18. g5 Rad8 19. Ne2 Qc4 20. Rfd1 Qxd3 21. Rxd3 Nc4 1/2-1/2

[Event "BL2-Nord 1314"]
[Site "Germany"]
[Date "2013.11.24"]
[Round "3.4"]
[White "Brodowski, Piotr"]
[Black "Lampe, Dirk"]
[Result "1-0"]
[WhiteElo "2429"]
[BlackElo "2237"]
[PlyCount "45"]
[EventDate "2013.10.13"]
[EventType "team-tourn"]
[EventRounds "9"]
[EventCountry "GER"]
[SourceTitle "EXT 2015"]
[Source "ChessBase"]
[SourceDate "2014.11.20"]
[SourceVersion "1"]
[SourceVersionDate "2014.11.20"]
[SourceQuality "1"]
[WhiteTeam "Zehlendorf"]
[BlackTeam "Luebeck"]
[WhiteTeamCountry "GER"]
[BlackTeamCountry "GER"]

1. c4 g6 2. Nc3 Bg7 3. g3 d6 4. Bg2 e5 5. e3 Nc6 6. a3 Nge7 7. Nge2 Be6 8. Nd5 a6 9. Nec3 Rb8 10. d3 h5 11. b4 h4 12. Bb2 h3 13. Bf3 f5 14. b5 axb5 15. Nxb5 Rc8 16. 0-0 0-0 17. e4 Qd7 18. Qe2 f4 19. gxf4 Nd4 20. Nxd4 exd4 21. Kh1 Rce8 22. Rg1 Nxd5 23. cxd5 1-0

[Event "BL2-Nord 1213"]
[Site "Germany"]
[Date "2013.02.03"]
[Round "6.5"]
[White "Lampe, Dirk"]
[Black "Schmidt Schaeffer, Sebastian"]
[Result "0-1"]
[WhiteElo "2245"]
[BlackElo "2360"]
[PlyCount "68"]
[EventDate "2012.10.14"]
[EventType "team-tourn"]
[EventRounds "9"]
[EventCountry "GER"]
[SourceTitle "CBM 154 Extra"]
[Source "ChessBase"]
[SourceDate "2013.06.25"]
[SourceVersion "2"]
[SourceVersionDate "2013.06.25"]
[SourceQuality "1"]
[WhiteTeam "Luebeck"]
[BlackTeam "Berlin Kreuzberg"]
[WhiteTeamCountry "GER"]
[BlackTeamCountry "GER"]

1. e4 g6 2. d4 Bg7 3. Nc3 c6 4. Nf3 d6 5. Be3 Nd7 6. Qd2 b5 7. Bd3 Bb7 8. a4 b4 9. Ne2 a5 10. 0-0 Ngf6 11. h3 0-0 12. Bh6 c5 13. Bxg7 Kxg7 14. d5 c4 15. Bxc4 Nxe4 16. Qd3 Nef6 17. Nf4 Ne5 18. Qd4 Nxc4 19. Qxc4 Ba6 20. Qd4 Bxf1 21. Rxf1 Qc8 22. Re1 Re8 23. g4 Kg8 24. g5 Nd7 25. h4 Qxc2 26. h5 Qf5 27. Kh2 Rac8 28. hxg6 hxg6 29. Kg3 Rc5 30. Rh1 Ne5 31. Nxe5 Qxe5 32. Qd3 Qxg5+ 33. Kf3 Rec8 34. Rh2 Rc3 0-1

[Event "BL2-Nord 1213"]
[Site "Germany"]
[Date "2012.11.11"]
[Round "2.7"]
[White "Lampe, Dirk"]
[Black "Jaster, Robert"]
[Result "0-1"]
[WhiteElo "2245"]
[BlackElo "2326"]
[PlyCount "56"]
[EventDate "2012.10.14"]
[EventType "team-tourn"]
[EventRounds "9"]
[EventCountry "GER"]
[SourceTitle "CBM 154 Extra"]
[Source "ChessBase"]
[SourceDate "2013.06.25"]
[SourceVersion "2"]
[SourceVersionDate "2013.06.25"]
[SourceQuality "1"]
[WhiteTeam "Luebeck"]
[BlackTeam "Rostock SSC 07"]
[WhiteTeamCountry "GER"]
[BlackTeamCountry "GER"]

1. e4 c6 2. d4 d5 3. Nc3 dxe4 4. Nxe4 Nd7 5. Nf3 Ngf6 6. Ng3 e6 7. Bd3 c5 8. 0-0 cxd4 9. Nxd4 Bc5 10. Nf3 0-0 11. Qe2 Qc7 12. Bg5 h6 13. Bd2 b6 14. Ne4 Bb7 15. Rac1 Rad8 16. c4 e5 17. Bc3 Nxe4 18. Bxe4 Bxe4 19. Qxe4 Rfe8 20. Rfd1 Bd6 21. Qh4 e4 22. Nd4 Be5 23. Nb5 Qb8 24. Bxe5 Nxe5 25. Qxe4 Nd3 26. Qxd3 Rxd3 27. Rxd3 Qf4 28. Rcd1 Qxc4 0-1

[Event "BL2-Nord 1112"]
[Site "Germany"]
[Date "2012.03.18"]
[Round "8.7"]
[White "Lampe, Dirk"]
[Black "Jaster, Robert"]
[Result "0-1"]
[WhiteElo "2248"]
[BlackElo "2326"]
[PlyCount "76"]
[EventDate "2011.10.02"]
[EventType "team-tourn"]
[EventRounds "9"]
[EventCountry "GER"]
[SourceTitle "EXT 2015"]
[Source "ChessBase"]
[SourceDate "2014.11.20"]
[SourceVersion "1"]
[SourceVersionDate "2014.11.20"]
[SourceQuality "1"]
[WhiteTeam "Luebeck"]
[BlackTeam "Rostock"]
[WhiteTeamCountry "GER"]
[BlackTeamCountry "GER"]

1. e4 c6 2. d4 d5 3. Nc3 dxe4 4. Nxe4 Nd7 5. Ng5 Ngf6 6. Bd3 e6 7. N1f3 Bd6 8. Qe2 h6 9. Ne4 Nxe4 10. Qxe4 Qc7 11. Qg4 Kf8 12. 0-0 b6 13. b3 Bb7 14. Bb2 Nf6 15. Qh5 Nd5 16. Rfe1 Nf4 17. d5 cxd5 18. Ne5 g5 19. Qg4 Rg8 20. Bb5 Rb8 21. g3 h5 22. Qd1 Nh3+ 23. Kf1 g4 24. Re2 Rg5 25. Qd4 Rxe5 26. Rxe5 Bxe5 27. Qxe5 Qxe5 28. Bxe5 Ke7 29. a4 Ng5 30. a5 a6 31. Be2 b5 32. Rb1 Ne4 33. Ke1 f6 34. Bb2 d4 35. Bd3 e5 36. Rc1 b4 37. Ra1 Nc3 38. Bg6 Rg8 0-1